| 000 | 00806nam a22002412 4500 | ||
|---|---|---|---|
| 001 | 0000005061 | ||
| 005 | 20151217145822.0 | ||
| 008 | 070606s xx 000 0 eng d | ||
| 020 |
_a8120304098 : _cKES 710 |
||
| 040 |
_aKABU _cKABU |
||
| 050 | 0 |
_aQA76.8 _b.I29293L58 |
|
| 100 | 1 |
_aLiu, Yu-Cheng. _@0000156127 |
|
| 245 | 1 | 0 |
_aMicrocomputer systems : _bthe 8086/8088 family; architecture, programming and design / _cYu-Cheng Liu, Glenn A. Gibson. |
| 250 | _a2nd ed. | ||
| 260 |
_aNew Delhi : _bPrentice Hall of India, _c1986. |
||
| 300 | _aix, 623 p. | ||
| 650 | 0 |
_aIntel 8080 (Microprocessors) _@0000156128 |
|
| 650 | 0 |
_aIntel 8088 (microprocessors) _@0000154864 |
|
| 700 | 1 |
_aGibson, G. A. _@0000156129 |
|
| 908 | _a070606 | ||
| 950 | _@1 | ||
| 999 |
_c2902 _d2902 |
||